01819nam0a2200301 4500001001800000005001700018021001700035035002600052100004100078101000800119102000700127105001800134200030700152210004500459215004000504300015600544320003400700606014500734606012600879606018301005606016401188686001601352686001301368700006601381801002801447801002201475852002001497RU\NLR\bibl\6481620250616092847.0 aRUb98-43372 a(NLR Aleph) 000063221 a19991221d1998 |||y0rusy50 ca0 arus aRU aac j |||||1 aМировая экономикаeУчеб. пособие для студентов вузов, обучающихся по экон. специальностямfВ.С. ИгошкинgМ-во общ. и проф. образования Рос. Федерации, Каз. фин.-экон. ин-т aКазаньcИзд-во КФЭИd1998 a162,[1] с.cил., портр.d20 aНа 4-й с. обл. авт.: Игошкин В.С., к.э.н., доц., чл.-кор. Акад. гуманит. наук Рос. Федерации aБиблиогр.: с.159-1600 aМировое хозяйствоjРуководства, пособия и т.п. для высшей школы3RU\NLR\auth\661606600 aМировое хозяйствоjУчебные издания для высшей школы3RU\NLR\auth\661606600 aМеждународные экономические отношенияjРуководства, пособия и т.п. для высшей школы3RU\NLR\auth\6613513570 aМеждународные экономические отношенияjУчебные издания для высшей школы3RU\NLR\auth\661351357 aУ03(0)я73 aУ58я73 1aИгошкинbВ. С.gВиктор Семенович4070 0aRUbNLRc19991221gPSBO 1aRUbNLRc19991221 aNLRj99-3/16429